Religion Quiz

Random Religion or Bible Quiz

Single Vowel Books of the Bible Quiz Stats

Quiz not verified by Sporcle

Challenge
Share
Tweet
Embed
Score 0/11 Timer 03:00
0 Plays Today
% Correct
John
93.1%
Mark
91.4%
Ruth
87.9%
Job
86.2%
Acts
77.6%
Psalms
75.9%
Kings
69%
Esther
67.2%
Peter
67.2%
Song of Songs
60.3%
Hebrews
48.3%

You're not logged in!

Compare scores with friends on all Sporcle quizzes.
Sign Up with Email
OR
Log In

You Might Also Like...

Show Comments

Extras

Top Quizzes Today


Score Distribution

Your Account Isn't Verified!

In order to create a playlist on Sporcle, you need to verify the email address you used during registration. Go to your Sporcle Settings to finish the process.

Report this User

Report this user for behavior that violates our Community Guidelines.

Details: